Library of the University of Algiers 3
Ibrahim Sultan Cheibout
شعار جامعة الجزائر 3
مكتبة جامعة الجزائر 3
إبراهيم سلطان شيبوط

التكامل الوظيفي للأعمال الإجرائية والإجراءات الموازية : (رقم التسجيلة. 42970)

تفاصيل مارك
000 -LEADER
fixed length control field 01362nam a2200217Ia 4500
003 - CONTROL NUMBER IDENTIFIER
control field Ost
005 - DATE AND TIME OF LATEST TRANSACTION
control field 20260507075114.0
008 - FIXED-LENGTH DATA ELEMENTS--GENERAL INFORMATION
fixed length control field 260507s9999||||xx |||||||||||||| ||und||
020 ## - INTERNATIONAL STANDARD BOOK NUMBER
International Standard Book Number 9773280373
040 ## - CATALOGING SOURCE
Transcribing agency fsecg
041 ## - LANGUAGE CODE
Language code of text/sound track or separate title ara
082 ## - DEWEY DECIMAL CLASSIFICATION NUMBER
Classification number 330
100 ## - MAIN ENTRY--PERSONAL NAME
Personal name عمر، نبيل إسماعيل
Relator term مؤلف
245 #0 - TITLE STATEMENT
Title التكامل الوظيفي للأعمال الإجرائية والإجراءات الموازية :
Remainder of title دراسة في قانون المرافعات المدنية والتجارية /
Statement of responsibility, etc. نبيل إسماعيل عمر
260 ## - PUBLICATION, DISTRIBUTION, ETC.
Place of publication, distribution, etc. الاسكندرية:
Name of publisher, distributor, etc. دار الجامعة الجديدة للنشر,
Date of publication, distribution, etc. 2001
300 ## - PHYSICAL DESCRIPTION
Extent 84 صفحة؛
Dimensions 24 سم
490 ## - SERIES STATEMENT
Series statement المكتبة القانونية
520 ## - SUMMARY, ETC.
Summary, etc. مفهوم التكامل الوظيفي في قانون المرافعات،إستخدامات التكامل الوظيفي في قانون المرافعات،الأهداف المراد التوصل إليها من التكامل الوظيفي،النتائج المتولدة من قيام التكامل الوظيفي الإجرائي،دور المشرع الإجرائي والقاضي والخصوم إزاء التكامل الوظيفي،فكرة العمل الإجرائي الموازي ودورها في قانون المرافعات
653 ## - INDEX TERM--UNCONTROLLED
Uncontrolled term قانون المرافعات
942 ## - ADDED ENTRY ELEMENTS (KOHA)
Koha item type كتب
المقتنيات
Withdrawn status Lost status Source of classification or shelving scheme Damaged status Not for loan Home library Current library Date acquired Serial enumeration / chronology Inventory number Total checkouts Full call number Barcode Date last seen Price effective from Koha item type
    Dewey Decimal Classification   NOT LOAN / إعارة داخلية مكتبة كلية العلوم الإقتصادية والعلوم التجارية وعلوم التسيير مكتبة كلية العلوم الإقتصادية والعلوم التجارية وعلوم التسيير 07/05/2026 الطابق الأرضي 1/1581   أ/1581ن1 1/1581 07/05/2026 07/05/2026 كتب

موارد الويب المفتوحة


© University of Algiers 3 All Rights Reserved
|
Implemented by LECHELAH Riad